<?xml version="1.0" encoding="UTF-8"?>
<marc:record xmlns:marc="http://www.loc.gov/MARC21/slim">
   <marc:leader>00000nam a2200000 a 4500</marc:leader>
   <marc:datafield ind1="1" ind2=" " tag="100">
      <marc:subfield code="a">Schindler, Nina</marc:subfield>
      <marc:subfield code="4">aut</marc:subfield>
      <marc:subfield code="e">Verfasser/-in</marc:subfield>
   </marc:datafield>
   <marc:datafield ind1="1" ind2=" " tag="100">
      <marc:subfield code="a">Pieper, Christiane</marc:subfield>
      <marc:subfield code="4">aut</marc:subfield>
      <marc:subfield code="e">Verfasser/-in</marc:subfield>
   </marc:datafield>
   <marc:datafield ind1="0" ind2="0" tag="245">
      <marc:subfield code="a">Mieke rappt los</marc:subfield>
   </marc:datafield>
   <marc:datafield ind1="0" ind2="0" tag="245">
      <marc:subfield code="c">Nina Schindler. Illustrationen von Christiane Pieper</marc:subfield>
   </marc:datafield>
   <marc:datafield ind1=" " ind2="1" tag="264">
      <marc:subfield code="a">Hildesheim</marc:subfield>
      <marc:subfield code="b">Gerstenberg</marc:subfield>
      <marc:subfield code="c">1998</marc:subfield>
   </marc:datafield>
   <marc:datafield ind1="1" ind2=" " tag="520">
      <marc:subfield code="a">Quelle: bn.bibliotheksnachrichten (http://www.biblio.at/literatur/bn/index.html); #Autor: Martina Lainer; #Wie bremst man eine überengagierte Mutter ein? (JE) (ab 9)##Mieke hat es nicht leicht mit ihrer Mutter, die sich in ihrem Übereifer für alles und jedes, das mit ihrer Tochter und der Schule zu tun hat, einsetzt und engagiert. Dabei setzt sie oft Maßnahmen, mit denen sie Mieke in missliche Lagen bringt. Und nun will sie auch noch als weibliche Begleitperson auf Landschulwoche mitfahren. Das muss verhindert werden, um jeden Preis und mit jedem Mittel. Als die Stadtväter beschließen, einige der Öffentlichen Bibliotheken aufzulassen, ist das die Stunde für Mieke: Mutter soll sich dafür einsetzen, dass die Bibliothek in Eigenregie weitergeführt wird. Die Rechnung geht zunächst auf, doch dann geht der Schuss nach hinten los. Hat sich Mutter zuerst zu sehr in alles eingemischt, vernachlässigt sie nun Kind und Mann. Als Eifersucht auf einen männlichen Mitstreiter ins Spiel kommt, ist Feuer am Dach und Mieke, die Meisterin im Dichten und Rappen ist, legt vor Publikum los. Und klärt so manches Missverständnis auf.#In flottem Erzählton baut die Autorin die Handlung auf, die so manchen Spannungshöhepunkt aufzuweisen hat. Sprachlich oft flappsig und dem Sprachjargon norddeutscher Kinder angeglichen, ist dies eine temporeiche Geschichte, die vielleicht auch Lesemuffel oder leseschwache Kinder ab 10 Jahren (Altersempfehlung des Verlages) ansprechen wird (Kapiteleinteilung, verhältnismäßig große Schrift und guter Durchschuss, Illustrationen an jedem Kapitelanfang). Versierte Leser/innen können diesen Text sicherlich schon ab 9 Jahren bewältigen.</marc:subfield>
   </marc:datafield>
   <marc:datafield ind1=" " ind2=" " tag="020">
      <marc:subfield code="a">9783806742534</marc:subfield>
      <marc:subfield code="9">9783806742534</marc:subfield>
   </marc:datafield>
   <marc:datafield ind1=" " ind2=" " tag="041">
      <marc:subfield code="a">ger</marc:subfield>
   </marc:datafield>
   <marc:datafield ind1=" " ind2=" " tag="300">
      <marc:subfield code="a">77 S.</marc:subfield>
   </marc:datafield>
</marc:record>
